| 000 | 00000nam##2200000za#4500 |
| 001 | 9.572173 |
| 003 | CaOODSP |
| 005 | 20210624183103 |
| 007 | cr ||||||||||| |
| 008 | 150406|2009||||xxc|||||o f|0| 0 eng|d |
| 040 | |aCaOODSP|beng |
| 043 | |an-cn--- |
| 086 | 1 |aPS4-75/2009E-PDF |
| 110 | 1 |aCanada. |bPublic Safety Canada. |
| 245 | 10|aCommon ground : |h[electronic resource]|ban examination of similarities between Black & Aboriginal communities / |cmade possible through the Department of Public Safety Canada, in cooperation with the Black Cultural Centre for Nova Scotia and the Micmac Native Friendship Centre. |
| 260 | |aOttawa - Ontario : |bPublic Safety Canada |c2009. |
| 300 | |a111p.|breferences |
| 490 | 1 |aAboriginal peoples collection|vAPC 29 CA |
| 500 | |aThe catalogue number (PS4-75/2009E) and ISBN (978-1-100-13164-1) for the print edition have been incorrectly copied in this electronic publication. |
| 590 | |a11-26-Supp|b2011-11-03 |
| 710 | 2 |aBlack Cultural Centre for Nova Scotia. |
| 710 | 2 |aMicmac Native Friendship Centre. |
| 775 | 08|tConvergences : |w(CaOODSP)9.602584 |
| 830 | #0|aAboriginal peoples collection ;|vAPC 29 CA|w(CaOODSP)9.505239 |
| 856 | 40|ahttp://publications.gc.ca|qPDF|s1022 KB|uhttps://publications.gc.ca/collections/collection_2011/sp-ps/PS4-75-2009-eng.pdf|yAPC 29 CA |